| 000 | 00793nam a2200253 a 4500 | ||
|---|---|---|---|
| 005 | 20240910064320.0 | ||
| 008 | 031007s2002 mx r 000 0 spa d | ||
| 020 | _a848310654X | ||
| 020 | _a9786074210798 | ||
| 035 | _aUPN01000129692 | ||
| 049 | _aCG | ||
| 050 | 4 |
_aBD162 _bF6.6 |
|
| 100 | 1 |
_aFoucault, Michel, _d1926-1984 |
|
| 245 | 1 | 3 |
_aEl orden del discurso / _cMichel Foucault ; tr. de Alberto González Troyano. |
| 260 |
_aBarcelona, Esp. : _bTusquets _c2002. |
||
| 300 | _a76 p. | ||
| 440 | 0 |
_aFábula ; _v126 |
|
| 534 |
_pTraducción de : _tL´ordre du discours |
||
| 590 | _aBibliografía Básica (BGTQ) | ||
| 590 | 0 | _a(También localizas un ejemplar en el "Área de Reserva") | |
| 650 | 4 |
_aTeoría del conocimiento _91707 |
|
| 650 | 4 |
_aAprendizaje _92861 |
|
| 905 | _aLibro | ||
| 999 |
_c101855 _d101855 |
||